| 000 | 00648nam a22002177a 4500 | ||
|---|---|---|---|
| 003 | OSt | ||
| 005 | 20240705114901.0 | ||
| 008 | 240705b |||||||| |||| 00| 0 eng d | ||
| 020 | _a1903300835 | ||
| 040 | _cmust | ||
| 082 | _a361.3 CRA 2003 | ||
| 100 |
_aCrawford ,karin _918475 |
||
| 245 |
_asocial work and human development/ _cKarim Crawford and Janet Walker. |
||
| 260 |
_aExeter: _bLearning matters ltd; _cc2003. |
||
| 300 |
_axi,140p.: _bill.; _c25cm. |
||
| 440 |
_aTransforming social work practice. _918476 |
||
| 504 | _aIncludes References and index. | ||
| 650 | _2Social work | ||
| 700 |
_aWalker,Janet _918477 |
||
| 942 |
_2ddc _cO_SHELF |
||
| 999 |
_c9080 _d9080 |
||